000 00758 a2200205 4500
020 _a0071406344
040 _aDLC
_bDLC
082 0 0 _a004.6
100 1 _aCollins, Daniel.
245 1 0 _aCarrier grade voice over IP
_cDaniel Collins.
250 _a2nd ed.
260 _aNew York :
_bMcGraw-Hill,
_cc2003.
300 _axviii, 522 p. :
_bill. ;
_c24 cm.
440 0 _aMcGraw-Hill networking professional
650 0 _aInternet telephony.
856 4 2 _3Contributor biographical information
_uhttp://www.loc.gov/catdir/bios/mh041/2003267058.html
856 4 2 _3Publisher description
_uhttp://www.loc.gov/catdir/description/mh031/2003267058.html
856 4 2 _3Table of contents
_uhttp://www.loc.gov/catdir/toc/mh031/2003267058.html
942 _cBK
_k004.6 COL
_2ddc
999 _c5352
_d5352